banner-ar

الميسر معجم مصطلحات هندسة وادارة التشييد (انجليزى - عربى) / (Record no. 59651)

MARC details
000 -الفاتح
حقل البيانات ثابتة الطول 00594nam a2200193Ia 4500
008 - عناصر البيانات ثابتة الطول - معلومات عامة
حقل البيانات ثابتة الطول 140319s9999 xx 000 0 ara d
040 ## - مصدر الفهرسة
وكالة الفهرسة الأصلية GCL /
وكالة النسخ GCL
082 04 - رقم تصنيف ديوى العشرى
رقم التصنيف م
رقم المادة 624.103
-- د م
100 1# - المدخل الرئيسى - إسم شخصى
الإسم الشخصى رضوان الجرف
245 10 - بيان العنوان
العنوان الميسر معجم مصطلحات هندسة وادارة التشييد (انجليزى - عربى) /
بيان المسئوليه,etc رضوان الجرف
700 1# - المدخل الاضافى - اسم شخصى
الإسم الشخصى على شاش
300 ## - الوصف المادى
التعداد 570 ص
490 ## - بيان السلسلة
عنوان السلسلة ماذا اعرف
رقم المجلد/ التعيين التسلسلي 0
650 04 - المدخل الاضافى بالموضوع-مصطلح موضوعى
مصطلح موضوعي الهندسة
650 04 - المدخل الاضافى بالموضوع-مصطلح موضوعى
مصطلح موضوعي هندسة الانشاءات
650 04 - المدخل الاضافى بالموضوع-مصطلح موضوعى
مصطلح موضوعي المعاجم
942 ## - عناصر المدخل الإضافي( كوها)
مصدر التصنيف او مخطط الترفيف Dewey Decimal Classification
Koha [default] item type المراجع
Holdings
حالة التراجع حالة الفقد حالة تلف ليس للاعارة المكان المؤقت الموقع الحالى تاريخ الاكتساب اجمالي اﻻعارات رقم الطلب الباركود تاريخ اخر مشاهدة تاريخ تفعيل السعر نوع وعاء كوها
        مكتبة القاهرة الكبرى مكتبة القاهرة الكبرى 03/26/2014   م\624.103\د م 157728 03/26/2014 03/26/2014 المراجع
        مكتبة القاهرة الكبرى مكتبة القاهرة الكبرى 03/26/2014   م\624.103\د م 157729 03/26/2014 03/26/2014 المراجع
        مكتبة القاهرة الكبرى مكتبة القاهرة الكبرى 03/26/2014   م\624.103\د م 157730 03/26/2014 03/26/2014 المراجع
        مكتبة القاهرة الكبرى مكتبة القاهرة الكبرى 03/26/2014   م\624.103\د م 157731 03/26/2014 03/26/2014 المراجع
        مكتبة القاهرة الكبرى مكتبة القاهرة الكبرى 03/26/2014   م\624.103\د م 157732 03/26/2014 03/26/2014 المراجع

Powered By

EGPV